000 00523nam a2200169 i 4500
001 63130
003 ES-MaACL
005 20250823063040.0
007 t|
008 031128s1954 sp ||||1| spa d
100 1 _aFernández-Rúa, José Luis,
_d1916-2002
_950048
245 1 0 _aMedio siglo de crónica escandalosa /
_cJosé Luis Fernández-Rua.
260 _aMadrid :
_bColenda,
_c1954 (
_fSelecciones Gráficas)
300 _a365 p. ;
_c17 cm.
852 _aES-MaACL
_jC-8872
_bR.36032
999 _c63130
_d63130